[Event "Bergen Sommer op"]
[Site "Bergen"]
[Date "2017.07.29"]
[Round "3"]
[White "Melkevik, Johannes"]
[Black "Taranger, Rune"]
[Result "1-0"]
[WhiteElo "1891"]
[BlackElo "1642"]
[PlyCount "99"]
[EventDate "2017.07.28"]
[EventType "swiss"]
[EventRounds "5"]
[EventCountry "NOR"]
[SourceTitle "CBM 179 Extra"]
[Source "ChessBase"]
[SourceDate "2017.08.23"]
[SourceVersion "1"]
[SourceVersionDate "2017.08.23"]
[SourceQuality "1"]

1. e4 d6 2. d4 Nf6 3. Nc3 g6 4. f4 Bg7 5. Nf3 0-0 6. Bd3 c6 7. 0-0 Qc7 8. e5 Nd5 9. Ne4 Nb4 10. Be3 Nxd3 11. cxd3 b6 12. Rc1 a5 13. Qc2 Bb7 14. Qf2 Na6 15. Rfd1 d5 16. Nc3 Qd7 17. Na4 Qc7 18. Qc2 e6 19. Bf2 Rfc8 20. a3 Bf8 21. Qb3 b5 22. Nc5 Nxc5 23. dxc5 Ba6 24. Qc2 Be7 25. b3 b4 26. a4 Qd8 27. Kh1 h5 28. Qe2 Kg7 29. g4 hxg4 30. Nd4 Bh4 31. Be3 Be7 32. Rg1 Qd7 33. Rxg4 Rh8 34. Rcg1 Rh5 35. Nf3 Rah8 36. Bf2 Qa7 37. Qc2 Qd7 38. R1g2 Qd8 39. Nd4 Qd7 40. f5 exf5 41. e6 fxe6 42. Rxg6+ Kf7 43. Qe2 Rxh2+ 44. Rxh2 Rxh2+ 45. Kxh2 Kxg6 46. Nxe6 Qc8 47. Bd4 Qg8 48. Nf4+ Kf7 49. Qe6+ Kf8 50. Ng6+ 1-0

[Event "Oslo Stjernens op"]
[Site "Oslo"]
[Date "2017.06.17"]
[Round "3"]
[White "Taranger, Rune"]
[Black "Midtstue, Lasse"]
[Result "0-1"]
[WhiteElo "1690"]
[BlackElo "1656"]
[PlyCount "88"]
[EventDate "2017.06.16"]
[EventType "swiss"]
[EventRounds "6"]
[EventCountry "NOR"]
[SourceTitle "EXT 2018"]
[Source "ChessBase"]
[SourceDate "2017.10.13"]
[SourceVersion "1"]
[SourceVersionDate "2017.10.13"]
[SourceQuality "1"]

1. e4 e6 2. d4 d5 3. Nc3 Bb4 4. e5 Ne7 5. a3 Bxc3+ 6. bxc3 c5 7. Nf3 Qa5 8. Qd2 Nbc6 9. Bb2 b6 10. Be2 Ba6 11. Bxa6 Qxa6 12. Qe2 Qa4 13. 0-0 h5 14. Rfd1 Nf5 15. Rab1 c4 16. Qd2 0-0-0 17. Ng5 Rdf8 18. g3 Nd8 19. f4 f6 20. Nf3 Rfg8 21. Kg2 Nf7 22. Re1 Qd7 23. Kf2 N7h6 24. h3 Ng4+ 25. hxg4 hxg4 26. Nh4 g5 27. Nxf5 Rh2+ 28. Ke3 Rxd2 29. Nd6+ Kc7 30. Kxd2 gxf4 31. gxf4 Qg7 32. Rg1 g3 33. Rg2 Qg4 34. Ke3 fxe5 35. dxe5 Rf8 36. Rf1 Qh3 37. Kf3 Rxf4+ 38. Kxf4 Qxg2 39. Rf3 Qxc2 40. Rxg3 Qd2+ 41. Kf3 Qxb2 42. Rg8 Qxc3+ 43. Kf4 Qd4+ 44. Kf3 Qxe5 0-1

[Event "Paleochora op 8th"]
[Site "Paleochora"]
[Date "2015.07.17"]
[Round "1"]
[White "Firat, Burak"]
[Black "Taranger, Rune"]
[Result "1-0"]
[WhiteElo "2467"]
[BlackElo "1690"]
[PlyCount "53"]
[EventDate "2015.07.17"]
[EventType "swiss"]
[EventRounds "9"]
[EventCountry "GRE"]
[SourceTitle "CBM 167 Extra"]
[Source "ChessBase"]
[SourceDate "2015.09.14"]
[SourceVersion "1"]
[SourceVersionDate "2015.09.14"]
[SourceQuality "1"]

1. e4 d5 2. exd5 Qxd5 3. Nc3 Qa5 4. d4 c6 5. Bc4 Nf6 6. Nf3 Bg4 7. h3 Bxf3 8. Qxf3 e6 9. Bd2 Qd8 10. 0-0-0 Be7 11. Ne2 0-0 12. Kb1 Nbd7 13. Bc1 Qc7 14. g4 Nd5 15. g5 N5b6 16. Bd3 e5 17. Ng3 g6 18. Nf5 Bd8 19. h4 f6 20. h5 gxf5 21. Qxf5 Rf7 22. g6 Rg7 23. Qe6+ Kh8 24. Qe8+ Rg8 25. g7+ Kxg7 26. Rhg1+ Kh8 27. Qxg8# 1-0

[Event "Oslo Sveins op 8th"]
[Site "Oslo"]
[Date "2015.06.23"]
[Round "9"]
[White "Taranger, Rune"]
[Black "Hansen, Lars Henrik Bech"]
[Result "0-1"]
[WhiteElo "1680"]
[BlackElo "1993"]
[PlyCount "80"]
[EventDate "2015.06.19"]
[EventType "swiss"]
[EventRounds "9"]
[EventCountry "NOR"]
[SourceTitle "CBM 167 Extra"]
[Source "ChessBase"]
[SourceDate "2015.09.14"]
[SourceVersion "1"]
[SourceVersionDate "2015.09.14"]
[SourceQuality "1"]

1. d4 g6 2. Nf3 Bg7 3. e3 Nf6 4. Be2 0-0 5. b3 c5 6. Bb2 cxd4 7. exd4 d6 8. 0-0 Nbd7 9. c4 Nh5 10. Re1 Nf4 11. Bf1 Nf6 12. h3 Qc7 13. Kh2 b6 14. g3 Ne6 15. Bg2 Bb7 16. Qe2 Rae8 17. Nbd2 Nh5 18. Ne4 Nd8 19. d5 e5 20. dxe6 Bxe4 21. Bxg7 Bxf3 22. e7 Bxe2 23. exf8Q+ Rxf8 24. Bxf8 Kxf8 25. Rxe2 Ne6 26. Rae1 Nf6 27. Kg1 Qc5 28. Kh2 Kg7 29. Kg1 Nd7 30. Bd5 Ne5 31. Kg2 h5 32. Re3 Nc7 33. Bb7 g5 34. f4 gxf4 35. gxf4 Ng6 36. Kf3 Qf5 37. Rg1 Ne6 38. Be4 Qxf4+ 39. Ke2 f5 40. Bxf5 Nd4+ 0-1

[Event "Oslo Sveins op 8th"]
[Site "Oslo"]
[Date "2015.06.19"]
[Round "1"]
[White "Taranger, Rune"]
[Black "Westerinen, Heikki MJ"]
[Result "0-1"]
[WhiteElo "1680"]
[BlackElo "2300"]
[PlyCount "32"]
[EventDate "2015.06.19"]
[EventType "swiss"]
[EventRounds "9"]
[EventCountry "NOR"]
[SourceTitle "CBM 167 Extra"]
[Source "ChessBase"]
[SourceDate "2015.09.14"]
[SourceVersion "1"]
[SourceVersionDate "2015.09.14"]
[SourceQuality "1"]

1. d4 Nf6 2. Nf3 g6 3. Bg5 Bg7 4. Nbd2 0-0 5. c3 d6 6. e4 c5 7. Bd3 cxd4 8. cxd4 h6 9. Bh4 Bg4 10. Qb3 Nbd7 11. Rc1 e5 12. Qa3 exd4 13. Nxd4 Nc5 14. f3 Bd7 15. Bb5 Rc8 16. Bxd7 Nd3+ 0-1

[Event "Fagernes Norsk op-B"]
[Site "Fagernes"]
[Date "2015.03.29"]
[Round "4"]
[White "Pettersen, Joar Gullestad"]
[Black "Taranger, Rune"]
[Result "1-0"]
[WhiteElo "1979"]
[BlackElo "1736"]
[PlyCount "77"]
[EventDate "2015.03.29"]
[EventType "swiss"]
[EventRounds "9"]
[EventCountry "NOR"]
[SourceTitle "EXT 2016"]
[Source "ChessBase"]
[SourceDate "2015.10.08"]
[SourceVersion "1"]
[SourceVersionDate "2015.10.08"]
[SourceQuality "1"]

1. Nf3 d5 2. c4 e6 3. b3 Nf6 4. g3 c6 5. Bg2 Bd6 6. Bb2 Nbd7 7. d4 0-0 8. 0-0 Ne4 9. Nbd2 f5 10. Ne5 Nxd2 11. Qxd2 Nxe5 12. dxe5 Be7 13. Qc3 g5 14. Rfd1 Bd7 15. Rd3 Be8 16. Rc1 Bh5 17. Rd2 f4 18. cxd5 cxd5 19. Qc7 Qxc7 20. Rxc7 Bb4 21. Bc3 Bxc3 22. Rxc3 fxg3 23. hxg3 Rac8 24. Rxc8 Rxc8 25. e4 dxe4 26. Bxe4 Rc7 27. Kg2 Bg6 28. Bxg6 hxg6 29. Kh3 Kg7 30. Kg4 Kh6 31. Rd6 Re7 32. f3 Kg7 33. Kxg5 Kf7 34. f4 Kg7 35. g4 Kf7 36. a4 Kg7 37. Rd8 Kf7 38. Kh6 Rc7 39. Rh8 1-0

[Event "Fagernes Norsk op-B"]
[Site "Fagernes"]
[Date "2015.03.29"]
[Round "3"]
[White "Taranger, Rune"]
[Black "Gaure, Sigurd Lauvas"]
[Result "1-0"]
[WhiteElo "1736"]
[BlackElo "1370"]
[PlyCount "39"]
[EventDate "2015.03.29"]
[EventType "swiss"]
[EventRounds "9"]
[EventCountry "NOR"]
[SourceTitle "EXT 2016"]
[Source "ChessBase"]
[SourceDate "2015.10.08"]
[SourceVersion "1"]
[SourceVersionDate "2015.10.08"]
[SourceQuality "1"]

1. e4 c5 2. Nc3 d6 3. f4 Nc6 4. Nf3 Qc7 5. Bc4 Nf6 6. 0-0 e5 7. d3 Be6 8. Bxe6 fxe6 9. Ng5 Qd7 10. f5 exf5 11. Rxf5 d5 12. Rxf6 gxf6 13. Qh5+ Kd8 14. Nf7+ Kc7 15. Nxd5+ Kb8 16. Nxh8 Nd8 17. Be3 Kc8 18. Nxf6 Qg7 19. Qf5+ Kc7 20. Ne8+ 1-0

[Event "Oslo op-B"]
[Site "Oslo"]
[Date "2014.09.28"]
[Round "4"]
[White "Edakina, Anastasia"]
[Black "Taranger, Rune"]
[Result "1-0"]
[WhiteElo "1733"]
[BlackElo "1681"]
[PlyCount "97"]
[EventDate "2014.09.28"]
[EventType "swiss"]
[EventRounds "9"]
[EventCountry "NOR"]
[SourceTitle "EXT 2017"]
[Source "ChessBase"]
[SourceDate "2016.10.25"]
[SourceVersion "1"]
[SourceVersionDate "2016.10.25"]
[SourceQuality "1"]

1. e4 g6 2. d4 Bg7 3. Nc3 d6 4. Be3 b6 5. Nf3 Bb7 6. Bb5+ Nd7 7. Qd2 a6 8. Bd3 c5 9. a4 e6 10. 0-0 Ne7 11. Bc4 Nf6 12. Qd3 0-0 13. Rfe1 cxd4 14. Bxd4 d5 15. exd5 Nfxd5 16. Bxg7 Kxg7 17. Qd4+ Nf6 18. Qf4 Qb8 19. Qe3 Bxf3 20. Qxf3 Qc7 21. Bb3 Qc6 22. Qe2 Qb7 23. Rad1 Rfd8 24. Rd3 Rxd3 25. Qxd3 Nc6 26. Qf3 Na5 27. Qxb7 Nxb7 28. Rd1 Rd8 29. Rxd8 Nxd8 30. Bc4 a5 31. f3 Kf8 32. Kf2 Ke7 33. Ke3 Kd6 34. Ne4+ Nxe4 35. Kxe4 f5+ 36. Kd4 Nc6+ 37. Kd3 Ne5+ 38. Kd4 Nc6+ 39. Kc3 Ke5 40. Bb5 Nd4 41. Be8 Kd5 42. Kd3 Kc5 43. Bf7 Kd5 44. Bg8 Ke5 45. Bxh7 Kd5 46. Bxg6 Nc6 47. Be8 Ne5+ 48. Kc3 f4 49. b3 1-0

[Event "Oslo op-B"]
[Site "Oslo"]
[Date "2014.09.28"]
[Round "3"]
[White "Taranger, Rune"]
[Black "Enersen, Eirik S"]
[Result "1/2-1/2"]
[WhiteElo "1681"]
[BlackElo "1591"]
[PlyCount "57"]
[EventDate "2014.09.28"]
[EventType "swiss"]
[EventRounds "9"]
[EventCountry "NOR"]
[SourceTitle "EXT 2017"]
[Source "ChessBase"]
[SourceDate "2016.10.25"]
[SourceVersion "1"]
[SourceVersionDate "2016.10.25"]
[SourceQuality "1"]

1. d4 e6 2. Nf3 d5 3. e3 c5 4. c3 Nc6 5. Bd3 Nf6 6. Nbd2 c4 7. Bc2 b5 8. e4 Bb7 9. e5 Ng8 10. Nf1 Nge7 11. Ng3 Ng6 12. h4 Be7 13. h5 Nh4 14. Nxh4 Bxh4 15. Qg4 Bxg3 16. Qxg3 Kf8 17. Bg5 Qa5 18. 0-0 h6 19. Bh4 b4 20. f4 Qb6 21. f5 exf5 22. Bxf5 Bc8 23. Bxc8 Rxc8 24. Rxf7+ Kxf7 25. Qg6+ Kg8 26. Qe6+ Kh7 27. Qf5+ Kg8 28. Qe6+ Kh7 29. Qg6+ 1/2-1/2

[Event "Oslo op-B"]
[Site "Oslo"]
[Date "2014.09.28"]
[Round "5"]
[White "Taranger, Rune"]
[Black "Lie, Terje"]
[Result "1/2-1/2"]
[WhiteElo "1681"]
[BlackElo "1575"]
[PlyCount "116"]
[EventDate "2014.09.28"]
[EventType "swiss"]
[EventRounds "9"]
[EventCountry "NOR"]
[SourceTitle "EXT 2017"]
[Source "ChessBase"]
[SourceDate "2016.10.25"]
[SourceVersion "1"]
[SourceVersionDate "2016.10.25"]
[SourceQuality "1"]

1. d4 Nf6 2. e3 e6 3. f4 b6 4. Nf3 Bb7 5. Bd3 h6 6. Qe2 Be7 7. c3 0-0 8. Nbd2 d5 9. Ne5 c5 10. Ndf3 Nbd7 11. 0-0 c4 12. Bc2 b5 13. Bd2 Ne4 14. Nxd7 Qxd7 15. Ne5 Qe8 16. Bxe4 dxe4 17. Qg4 f5 18. Qh3 Bd6 19. Be1 Bxe5 20. fxe5 Kh7 21. g4 g6 22. Bh4 Rg8 23. Bf6 Qf7 24. Kh1 Raf8 25. gxf5 gxf5 26. Rg1 Rxg1+ 27. Rxg1 Rg8 28. Rxg8 Qxg8 29. Qg3 Qg4 30. Qxg4 fxg4 31. Kg2 Kg6 32. a3 Bc6 33. Kg3 h5 34. Be7 Kf7 35. Bf6 Kg6 36. Be7 Be8 37. Bf6 Bc6 38. Be7 Kf5 39. Bf6 Kg6 40. Bd8 Kg7 41. Kh4 Kh6 42. Bg5+ Kg6 43. Bd8 Be8 44. Bf6 Kh6 45. Bg5+ Kg7 46. Bd8 Kg6 47. Bf6 Kf5 48. Be7 a5 49. Bd8 a4 50. Be7 Kg6 51. Bd6 Bf7 52. Bc5 Bg8 53. Bd6 Bh7 54. Bc5 Kh6 55. Bd6 Bf5 56. Bc5 Kg6 57. Bd6 Kh6 58. Bc5 Kg6 1/2-1/2